Sports Quiz

Random Sports or Cricket Quiz
Score 0/25 Timer 05:00
0 Plays Today
Hundreds Player % Correct
117Don Bradman
82.7%
199Jack Hobbs
77.7%
151Geoffrey Boycott
75.5%
124WG Grace
70.2%
136Graeme Hick
68.5%
129Len Hutton
68.5%
128Graham Gooch
67.4%
114Mark Ramprakash
66.7%
167Wally Hammond
65.5%
114Viv Richards
54.7%
151Herbert Sutcliffe
53.5%
107Colin Cowdrey
53.5%
123Denis Compton
52.1%
Hundreds Player % Correct
103John Edrich
43%
102Dennis Amiss
31.9%
108Zaheer Abbas
26.7%
122Tom Graveney
26.5%
170Patsy Hendren
25.9%
145Frank Woolley
24.7%
103Glenn Turner
24.6%
102Les Ames
19.3%
153Phil Mead
19%
107Andy Sandham
18.7%
102Ernest Tyldesley
11.7%
104Tom Hayward
9.1%
Remove Ads.
Support Sporcle.
Get the best of Sporcle when you Go Orange. This ad-free experience offers more features, more stats, and more fun while also helping to support Sporcle. Thank you for becoming a member.

You're not logged in!

Compare scores with friends on all Sporcle quizzes.
OR
Log In

Show Comments

Extras

Top Quizzes Today


Score Distribution

Your Account Isn't Verified!

In order to create a playlist on Sporcle, you need to verify the email address you used during registration. Go to your Sporcle Settings to finish the process.

Report this User

Report this user for behavior that violates our Community Guidelines.

Details: